[Event "MSR_ch16"]
[Site "?"]
[Date "2024.04.07"]
[Round "3.1"]
[White "Elias, David"]
[Black "Hitka, Dominik"]
[Result "1-0"]
[BlackElo "1854"]
[WhiteElo "2257"]
[LiveChessVersion "1.4.8"]

1. c4 {[%clk 1:30:58]} f5 {[%clk 1:30:27]} 2. Nf3 {[%clk 1:31:17]} Nf6
{[%clk 1:30:33]} 3. g3 {[%clk 1:31:41]} e6 {[%clk 1:30:56]} 4. Bg2
{[%clk 1:32:04]} Be7 {[%clk 1:31:10]} 5. O-O {[%clk 1:31:51]} O-O
{[%clk 1:31:30]} 6. d4 {[%clk 1:32:11]} d6 {[%clk 1:31:50]} 7. Qc2
{[%clk 1:32:12]} Ne4 {[%clk 1:29:11]} 8. Nbd2 {[%clk 1:32:27]} Nxd2
{[%clk 1:15:18]} 9. Bxd2 {[%clk 1:32:42]} Bf6 {[%clk 1:15:24]} 10. e4
{[%clk 1:31:54]} e5 {[%clk 1:15:29]} 11. dxe5 {[%clk 1:32:03]} dxe5
{[%clk 1:05:20]} 12. Bb4 {[%clk 1:24:39]} Be7 {[%clk 1:01:25]} 13. Rad1
{[%clk 1:24:48]} Qe8 {[%clk 1:01:20]} 14. Bc3 {[%clk 1:24:35]} Bf6
{[%clk 0:54:36]} 15. exf5 {[%clk 1:23:06]} e4 {[%clk 0:53:36]} 16. Nd4
{[%clk 1:22:39]} Bxd4 {[%clk 0:53:10]} 17. Rxd4 {[%clk 1:21:23]} e3
{[%clk 0:52:26]} 18. Bd5+ {[%clk 1:21:33]} Rf7 {[%clk 0:45:09]} 19. Rg4
{[%clk 1:21:49]} g6 {[%clk 0:43:27]} 20. fxg6 {[%clk 1:22:14]} 1-0

[Event "MSR_ch16"]
[Site "?"]
[Date "2024.04.07"]
[Round "3.2"]
[White "Hasala, Richard"]
[Black "Oruzinsky, Juraj"]
[Result "0-1"]
[BlackElo "2118"]
[WhiteElo "1851"]
[LiveChessVersion "1.4.8"]

1. c4 {[%clk 1:30:52]} c6 {[%clk 1:27:47]} 2. Nc3 {[%clk 1:29:13]} d5
{[%clk 1:28:02]} 3. cxd5 {[%clk 1:28:31]} cxd5 {[%clk 1:28:25]} 4. d4
{[%clk 1:28:58]} Nf6 {[%clk 1:28:16]} 5. g3 {[%clk 1:27:48]} Nc6 {[%clk 1:28:03]}
6. Bg2 {[%clk 1:28:11]} Bf5 {[%clk 1:27:43]} 7. Nf3 {[%clk 1:27:15]} e6
{[%clk 1:27:36]} 8. a3 {[%clk 1:21:08]} a6 {[%clk 1:23:50]} 9. O-O
{[%clk 1:19:58]} Ne4 {[%clk 1:22:54]} 10. Nh4 {[%clk 1:16:09]} Nxc3
{[%clk 1:22:04]} 11. bxc3 {[%clk 1:15:58]} Bg6 {[%clk 1:21:17]} 12. Nxg6
{[%clk 1:13:29]} hxg6 {[%clk 1:21:42]} 13. e4 {[%clk 1:13:54]} dxe4
{[%clk 1:13:08]} 14. Bxe4 {[%clk 1:12:35]} Be7 {[%clk 1:08:06]} 15. Rb1
{[%clk 1:06:28]} Qd7 {[%clk 0:59:50]} 16. Qf3 {[%clk 1:03:32]} Rc8
{[%clk 0:58:05]} 17. a4 {[%clk 1:00:43]} O-O {[%clk 0:53:52]} 18. Re1
{[%clk 0:52:12]} b5 {[%clk 0:46:30]} 19. h4 {[%clk 0:43:33]} bxa4
{[%clk 0:29:58]} 20. h5 {[%clk 0:43:32]} gxh5 {[%clk 0:23:41]} 21. Qxh5
{[%clk 0:42:31]} f5 {[%clk 0:24:03]} 22. Bf3 {[%clk 0:40:43]} Nd8
{[%clk 0:14:12]} 23. Bd2 {[%clk 0:38:10]} Qe8 {[%clk 0:11:25]} 24. Qxe8
{[%clk 0:36:04]} Rxe8 {[%clk 0:11:51]} 25. Rb6 {[%clk 0:36:29]} a3
{[%clk 0:08:28]} 26. Reb1 {[%clk 0:36:09]} Nf7 {[%clk 0:05:08]} 27. Rxa6
{[%clk 0:35:27]} Nd6 {[%clk 0:04:12]} 28. Be1 {[%clk 0:32:44]} Ne4
{[%clk 0:01:01]} 29. Bxe4 {[%clk 0:30:27]} fxe4 {[%clk 0:01:27]} 30. Kf1
{[%clk 0:29:33]} Ra8 {[%clk 0:01:03]} 31. Rxa8 {[%clk 0:29:44]} Rxa8
{[%clk 0:01:30]} 32. Ke2 {[%clk 0:29:58]} Kf7 {[%clk 0:01:11]} 33. Kd1
{[%clk 0:28:16]} Kf6 {[%clk 0:00:57]} 34. Ke2 {[%clk 0:25:22]} Kf5
{[%clk 0:00:50]} 35. c4 {[%clk 0:24:48]} Ra4 {[%clk 0:01:08]} 36. Rc1
{[%clk 0:23:30]} Bf6 {[%clk 0:01:10]} 37. c5 {[%clk 0:15:44]} Bxd4
{[%clk 0:01:29]} 38. c6 {[%clk 0:16:06]} a2 {[%clk 0:01:35]} 39. c7
{[%clk 0:16:28]} Ra8 {[%clk 0:02:00]} 0-1

[Event "MSR_ch16"]
[Site "?"]
[Date "2024.04.07"]
[Round "3.3"]
[White "Buzalka, Martin"]
[Black "Durana, Jonas"]
[Result "0-1"]
[BlackElo "2007"]
[WhiteElo "1819"]
[LiveChessVersion "1.4.8"]

1. d4 {[%clk 1:30:57]} d5 {[%clk 1:30:51]} 2. c4 {[%clk 1:31:15]} e6
{[%clk 1:31:18]} 3. Nc3 {[%clk 1:31:19]} c5 {[%clk 1:31:43]} 4. e3
{[%clk 1:30:55]} Nf6 {[%clk 1:27:24]} 5. Nf3 {[%clk 1:30:36]} Nc6
{[%clk 1:24:48]} 6. Be2 {[%clk 1:29:47]} Be7 {[%clk 1:21:28]} 7. O-O
{[%clk 1:29:38]} O-O {[%clk 1:21:35]} 8. b3 {[%clk 1:27:23]} cxd4
{[%clk 1:17:07]} 9. exd4 {[%clk 1:23:46]} a6 {[%clk 1:13:29]} 10. Bf4
{[%clk 1:18:25]} Ne4 {[%clk 1:10:04]} 11. Nb1 {[%clk 1:06:04]} Bf6
{[%clk 1:01:23]} 12. Ne5 {[%clk 0:57:18]} Bxe5 {[%clk 1:01:36]} 13. dxe5
{[%clk 0:55:30]} g5 {[%clk 1:01:01]} 14. f3 {[%clk 0:49:10]} Qb6+
{[%clk 0:55:26]} 15. Kh1 {[%clk 0:49:26]} Nf2+ {[%clk 0:55:18]} 16. Rxf2
{[%clk 0:49:38]} Qxf2 {[%clk 0:55:44]} 17. Bxg5 {[%clk 0:48:36]} Nxe5
{[%clk 0:51:59]} 18. Nc3 {[%clk 0:42:41]} f6 {[%clk 0:42:53]} 19. Bf4
{[%clk 0:41:01]} Ng6 {[%clk 0:33:05]} 20. Bh6 {[%clk 0:38:00]} Rd8
{[%clk 0:32:28]} 21. g3 {[%clk 0:29:58]} Qc5 {[%clk 0:31:05]} 22. Ne4
{[%clk 0:21:14]} Qe7 {[%clk 0:28:21]} 23. cxd5 {[%clk 0:21:30]} Rxd5
{[%clk 0:28:00]} 24. Qc2 {[%clk 0:20:10]} b5 {[%clk 0:24:22]} 25. Be3
{[%clk 0:20:11]} Bb7 {[%clk 0:11:32]} 26. g4 Rc8 {[%clk 0:11:36]} 27. Qb2
{[%clk 0:19:37]} Re5 {[%clk 0:10:53]} 28. Bd4 {[%clk 0:18:18]} Rxe4
{[%clk 0:11:07]} 29. fxe4 {[%clk 0:18:41]} Bxe4+ {[%clk 0:11:34]} 30. Kg1
{[%clk 0:17:59]} Rc2 {[%clk 0:11:54]} 31. Bxf6 {[%clk 0:17:42]} Rxb2
{[%clk 0:11:50]} 32. Bxe7 {[%clk 0:18:05]} Rxe2 {[%clk 0:12:15]} 33. Bd6
{[%clk 0:18:05]} Nh4 {[%clk 0:08:59]} 34. a4 {[%clk 0:17:33]} Rg2+
{[%clk 0:09:18]} 35. Kf1 {[%clk 0:17:54]} Bd3+ {[%clk 0:09:44]} 0-1

[Event "MSR_ch16"]
[Site "?"]
[Date "2024.04.07"]
[Round "3.4"]
[White "Osvald, David"]
[Black "Smetana, Peter"]
[Result "0-1"]
[BlackElo "1949"]
[WhiteElo "1554"]
[LiveChessVersion "1.4.8"]

1. c4 {[%clk 1:30:55]} g6 {[%clk 1:30:42]} 2. d4 {[%clk 1:31:07]} Bg7
{[%clk 1:30:56]} 3. Nc3 {[%clk 1:31:28]} c5 {[%clk 1:30:19]} 4. d5
{[%clk 1:31:34]} Bxc3+ {[%clk 1:19:56]} 5. bxc3 {[%clk 1:27:36]} f5
{[%clk 1:20:17]} 6. Bg5 {[%clk 1:19:51]} Qa5 {[%clk 1:16:59]} 7. Qd3
{[%clk 1:08:09]} d6 {[%clk 1:15:12]} 8. f4 {[%clk 0:57:31]} Nd7 {[%clk 1:13:56]}
9. Nf3 {[%clk 0:52:50]} Ngf6 {[%clk 1:07:12]} 10. Bxf6 {[%clk 0:52:38]} Nxf6
{[%clk 1:07:22]} 11. Nd2 {[%clk 0:51:47]} O-O {[%clk 1:00:30]} 12. g3
{[%clk 0:48:28]} Re8 {[%clk 0:37:57]} 13. Bg2 {[%clk 0:40:34]} Qc7
{[%clk 0:35:21]} 14. O-O {[%clk 0:37:51]} Rb8 {[%clk 0:23:39]} 15. Rae1
{[%clk 0:32:42]} e6 {[%clk 0:19:38]} 16. e4 {[%clk 0:30:11]} e5 {[%clk 0:07:29]}
17. fxe5 {[%clk 0:26:37]} Rxe5 {[%clk 0:07:33]} 18. exf5 {[%clk 0:19:11]} Bxf5
{[%clk 0:07:44]} 19. Ne4 {[%clk 0:14:58]} Nxe4 {[%clk 0:07:26]} 20. Rxe4
{[%clk 0:11:31]} Bxe4 {[%clk 0:06:55]} 21. Bxe4 {[%clk 0:11:40]} Qg7
{[%clk 0:04:46]} 22. Bf3 {[%clk 0:08:39]} Rf8 {[%clk 0:03:50]} 23. Bg4
{[%clk 0:08:39]} Rxf1+ {[%clk 0:04:01]} 24. Qxf1 {[%clk 0:08:53]} Qf8
{[%clk 0:04:06]} 25. Qd1 {[%clk 0:07:20]} Kg7 {[%clk 0:03:20]} 26. Be6
{[%clk 0:06:38]} Qf6 {[%clk 0:03:39]} 27. Qb1 {[%clk 0:06:51]} b6
{[%clk 0:03:57]} 28. a4 {[%clk 0:06:49]} Qf3 {[%clk 0:04:00]} 0-1

[Event "MSR_ch16"]
[Site "?"]
[Date "2024.04.07"]
[Round "3.5"]
[White "Gay, Lukas"]
[Black "Rebro, Damian"]
[Result "1-0"]
[BlackElo "1825"]
[WhiteElo "1976"]
[LiveChessVersion "1.4.8"]

1. e4 {[%clk 1:30:58]} Nf6 {[%clk 1:28:07]} 2. e5 {[%clk 1:29:38]} Nd5
{[%clk 1:28:25]} 3. d4 {[%clk 1:27:41]} d6 {[%clk 1:28:51]} 4. Bc4
{[%clk 1:26:17]} Nb6 {[%clk 1:29:11]} 5. Bb3 {[%clk 1:26:37]} dxe5
{[%clk 1:29:17]} 6. Qh5 {[%clk 1:24:33]} e6 {[%clk 1:28:29]} 7. dxe5
{[%clk 1:24:50]} g6 {[%clk 1:21:41]} 8. Qe2 {[%clk 1:22:54]} Bg7 {[%clk 1:20:13]}
9. Nf3 {[%clk 1:23:01]} O-O {[%clk 1:19:41]} 10. Nc3 {[%clk 1:23:15]} Nc6
{[%clk 1:14:41]} 11. Bg5 {[%clk 1:21:31]} f6 {[%clk 0:59:38]} 12. Rd1
{[%clk 1:21:08]} Qe7 {[%clk 0:59:13]} 13. exf6 {[%clk 1:21:24]} Bxf6
{[%clk 0:59:29]} 14. Bxf6 {[%clk 1:21:17]} Qxf6 {[%clk 0:59:19]} 15. O-O
{[%clk 1:20:44]} Kg7 {[%clk 0:55:30]} 16. Nb5 {[%clk 1:11:21]} Qe7
{[%clk 0:48:55]} 17. Rfe1 {[%clk 1:10:27]} e5 {[%clk 0:47:31]} 18. Nbd4
{[%clk 1:03:34]} Nxd4 {[%clk 0:35:36]} 19. Rxd4 {[%clk 1:02:21]} Re8
{[%clk 0:34:15]} 20. Re4 {[%clk 1:02:07]} Nd7 {[%clk 0:33:59]} 21. Nxe5
{[%clk 1:01:26]} Nf8 {[%clk 0:25:13]} 22. Nf3 {[%clk 0:59:33]} Qxe4
{[%clk 0:24:13]} 23. Qxe4 {[%clk 1:00:02]} Rxe4 {[%clk 0:24:32]} 24. Rxe4
{[%clk 1:00:29]} Bd7 {[%clk 0:24:48]} 25. Re7+ {[%clk 1:00:49]} Kh6
{[%clk 0:24:19]} 26. Ne5 {[%clk 0:54:46]} Re8 {[%clk 0:23:29]} 27. Rxe8
{[%clk 0:55:07]} Bxe8 {[%clk 0:23:54]} 28. f4 {[%clk 0:55:11]} Nd7
{[%clk 0:22:10]} 29. Nf3 {[%clk 0:54:49]} Nc5 {[%clk 0:19:38]} 30. Kf2
{[%clk 0:54:18]} Nxb3 31. cxb3 {[%clk 0:54:01]} Kg7 {[%clk 0:16:47]} 32. Ke3
{[%clk 0:54:21]} Bc6 {[%clk 0:17:08]} 33. g3 {[%clk 0:54:44]} Kf6
{[%clk 0:14:35]} 34. Ne5 {[%clk 0:53:25]} Bg2 {[%clk 0:13:43]} 35. h4
{[%clk 0:52:37]} h5 {[%clk 0:12:56]} 36. Nd3 {[%clk 0:52:41]} Kf5
{[%clk 0:11:33]} 37. Nf2 {[%clk 0:53:05]} Bd5 {[%clk 0:10:40]} 38. Kd4
{[%clk 0:53:31]} c6 {[%clk 0:09:55]} 39. Nd3 {[%clk 0:51:14]} Kf6
{[%clk 0:02:51]} 40. Ne5 {[%clk 0:51:36]} b6 {[%clk 0:02:20]} 41. Kc3
{[%clk 0:51:19]} Be4 {[%clk 0:01:49]} 42. b4 {[%clk 0:51:34]} Bd5
{[%clk 0:01:08]} 43. a4 {[%clk 0:51:41]} Kf5 {[%clk 0:00:59]} 44. Kd4
{[%clk 0:52:00]} Bg2 {[%clk 0:01:12]} 45. a5 {[%clk 0:51:26]} Bh1
{[%clk 0:00:31]} 46. Ke3 {[%clk 0:50:05]} Bd5 {[%clk 0:28:13]} 47. axb6
{[%clk 1:19:37]} axb6 {[%clk 0:28:22]} 48. Nd7 {[%clk 1:20:02]} b5
{[%clk 0:28:03]} 49. Ne5 {[%clk 1:20:26]} Bh1 {[%clk 0:27:23]} 50. Kd4
{[%clk 1:20:52]} Bd5 {[%clk 0:27:48]} 51. Kc5 {[%clk 1:21:11]} Bg2
{[%clk 0:26:19]} 52. Nxc6 {[%clk 1:18:52]} Bxc6 {[%clk 0:26:43]} 53. Kxc6
{[%clk 1:19:18]} Kg4 {[%clk 0:27:12]} 54. Kxb5 {[%clk 1:19:41]} Kxg3
{[%clk 0:27:42]} 55. Ka5 {[%clk 1:18:35]} Kxh4 {[%clk 0:26:21]} 56. b5
{[%clk 1:19:02]} Kg4 {[%clk 0:26:31]} 57. b6 {[%clk 1:19:28]} h4 {[%clk 0:26:53]}
58. b7 {[%clk 1:19:53]} h3 {[%clk 0:27:01]} 59. b8=Q {[%clk 1:20:19]} h2
{[%clk 0:27:07]} 60. Qb7 {[%clk 1:20:48]} Kg3 {[%clk 0:27:03]} 61. Qh1 1-0

[Event "MSR_ch16"]
[Site "?"]
[Date "2024.04.07"]
[Round "3.6"]
[White "Vargosko, Juraj"]
[Black "Libich, Oliver"]
[Result "1-0"]
[BlackElo "1857"]
[WhiteElo "1936"]
[LiveChessVersion "1.4.8"]

1. e4 {[%clk 1:30:57]} e5 {[%clk 1:30:54]} 2. Nc3 {[%clk 1:31:21]} Nc6
{[%clk 1:30:44]} 3. Bc4 {[%clk 1:31:46]} Nf6 {[%clk 1:30:15]} 4. d3
{[%clk 1:27:57]} Be7 {[%clk 1:29:32]} 5. f4 d6 {[%clk 1:29:55]} 6. Nf3
{[%clk 1:26:06]} a6 {[%clk 1:26:31]} 7. O-O O-O {[%clk 1:17:33]} 8. h3
{[%clk 1:14:03]} exf4 {[%clk 1:14:15]} 9. Bxf4 {[%clk 1:14:10]} Be6
{[%clk 1:14:28]} 10. Bb3 {[%clk 1:10:29]} Nd7 {[%clk 1:09:06]} 11. Qd2
{[%clk 1:01:49]} Nc5 {[%clk 0:55:33]} 12. d4 {[%clk 1:00:14]} Nxb3
{[%clk 0:52:57]} 13. axb3 {[%clk 0:59:42]} Na7 {[%clk 0:44:43]} 14. d5
{[%clk 0:55:37]} Bd7 {[%clk 0:44:57]} 15. Ne2 {[%clk 0:54:35]} Re8
{[%clk 0:37:05]} 16. c4 {[%clk 0:51:13]} Bf6 {[%clk 0:35:58]} 17. Ng3
{[%clk 0:51:20]} Nc8 {[%clk 0:32:30]} 18. Rae1 {[%clk 0:47:51]} Be5
{[%clk 0:30:48]} 19. Nxe5 {[%clk 0:44:22]} dxe5 {[%clk 0:31:16]} 20. Bh6
{[%clk 0:41:06]} Qh4 {[%clk 0:30:32]} 21. Bg5 {[%clk 0:31:48]} Qxg3
{[%clk 0:25:45]} 22. Rf3 {[%clk 0:32:10]} Qxf3 {[%clk 0:26:09]} 23. gxf3
{[%clk 0:32:33]} f6 {[%clk 0:26:09]} 24. Be3 {[%clk 0:32:05]} Nd6
{[%clk 0:25:09]} 25. c5 {[%clk 0:28:32]} Nb5 {[%clk 0:24:17]} 26. f4
{[%clk 0:28:33]} Rf8 {[%clk 0:14:00]} 27. f5 {[%clk 0:27:07]} g6 {[%clk 0:05:58]}
28. Bh6 {[%clk 0:27:11]} Rf7 {[%clk 0:06:27]} 29. Qg2 {[%clk 0:23:54]} Kh8
{[%clk 0:06:55]} 30. Re3 {[%clk 0:22:00]} gxf5 {[%clk 0:00:35]} 31. Rg3
{[%clk 0:22:23]} f4 32. Bg7+ Kg8 33. Bxf6+ fxg3 1-0

[Event "MSR_ch16"]
[Site "?"]
[Date "2024.04.07"]
[Round "3.7"]
[White "Carnecky, Viliam"]
[Black "Pongo, Aron"]
[Result "1/2-1/2"]
[BlackElo "1887"]
[WhiteElo "1789"]
[LiveChessVersion "1.4.8"]

1. e4 {[%clk 1:30:56]} e6 {[%clk 1:30:59]} 2. d4 {[%clk 1:31:19]} d5
{[%clk 1:31:29]} 3. e5 {[%clk 1:31:34]} c5 {[%clk 1:31:58]} 4. c3
{[%clk 1:31:53]} Nc6 {[%clk 1:32:21]} 5. Nf3 {[%clk 1:31:51]} Qb6
{[%clk 1:32:50]} 6. a3 {[%clk 1:32:09]} c4 {[%clk 1:33:12]} 7. Nbd2
{[%clk 1:32:22]} Na5 {[%clk 1:33:09]} 8. Be2 {[%clk 1:24:58]} Bd7
{[%clk 1:32:42]} 9. Rb1 {[%clk 1:23:15]} Ne7 {[%clk 1:32:07]} 10. O-O
{[%clk 1:16:00]} Qc7 {[%clk 1:25:42]} 11. Qe1 {[%clk 1:11:35]} Ba4
{[%clk 1:18:52]} 12. Bd1 {[%clk 1:10:00]} Bxd1 {[%clk 1:15:39]} 13. Qxd1 h6
{[%clk 1:01:29]} 14. b3 {[%clk 1:07:38]} cxb3 {[%clk 0:59:39]} 15. Nxb3
{[%clk 1:07:51]} Nxb3 {[%clk 0:55:40]} 16. Qxb3 {[%clk 1:07:09]} O-O-O
{[%clk 0:54:37]} 17. Bd2 {[%clk 1:04:15]} Nc6 {[%clk 0:49:41]} 18. Be3
{[%clk 0:48:08]} Na5 {[%clk 0:41:51]} 19. Qa4 {[%clk 0:47:07]} Kb8
{[%clk 0:39:26]} 20. Rfc1 {[%clk 0:39:20]} Rc8 {[%clk 0:34:43]} 21. Nd2
{[%clk 0:33:36]} Nc4 {[%clk 0:32:54]} 22. Nxc4 {[%clk 0:29:00]} Qxc4
{[%clk 0:32:12]} 23. Qd7 {[%clk 0:28:56]} Qc7 {[%clk 0:30:29]} 24. Qa4
{[%clk 0:27:28]} Qc4 {[%clk 0:27:55]} 25. Qd7 {[%clk 0:23:48]} 1/2-1/2

[Event "MSR_ch16"]
[Site "?"]
[Date "2024.04.07"]
[Round "3.8"]
[White "Kapinaj, Matus"]
[Black "Krivosik, Matus"]
[Result "0-1"]
[BlackElo "1782"]
[WhiteElo "1858"]
[LiveChessVersion "1.4.8"]

1. d4 {[%clk 1:30:58]} d5 {[%clk 1:30:54]} 2. c4 {[%clk 1:31:25]} e5
{[%clk 1:31:22]} 3. dxe5 {[%clk 1:31:49]} d4 {[%clk 1:31:43]} 4. Nf3
{[%clk 1:32:15]} Nc6 {[%clk 1:32:12]} 5. a3 {[%clk 1:32:35]} Nge7
{[%clk 1:32:33]} 6. e3 {[%clk 1:32:54]} Bg4 {[%clk 1:31:10]} 7. exd4
{[%clk 1:31:37]} Bxf3 {[%clk 1:30:29]} 8. Qxf3 {[%clk 1:32:01]} Qxd4
{[%clk 1:25:48]} 9. Be2 {[%clk 1:29:49]} Ng6 {[%clk 1:21:10]} 10. O-O
{[%clk 1:29:40]} Ngxe5 {[%clk 1:20:09]} 11. Qb3 {[%clk 1:28:59]} Qb6
{[%clk 1:13:27]} 12. Qc2 {[%clk 1:28:12]} O-O-O {[%clk 1:11:04]} 13. Nc3
{[%clk 1:27:16]} Nd4 {[%clk 1:04:51]} 14. Qe4 {[%clk 1:26:24]} Nxe2+
{[%clk 1:05:04]} 15. Qxe2 {[%clk 1:25:44]} Bd6 {[%clk 1:02:23]} 16. b4
{[%clk 1:25:28]} Qd4 {[%clk 1:00:10]} 17. Bb2 {[%clk 1:14:38]} Qxc4
{[%clk 0:57:53]} 18. f4 {[%clk 1:11:34]} Nd3 {[%clk 0:52:40]} 19. Ne4
{[%clk 1:03:32]} Nxb2 {[%clk 0:50:29]} 20. Nxd6+ {[%clk 1:03:20]} Rxd6
{[%clk 0:50:44]} 21. Qxb2 {[%clk 1:03:43]} Qd4+ {[%clk 0:48:28]} 22. Qxd4
{[%clk 1:03:55]} Rxd4 {[%clk 0:48:57]} 23. Rae1 {[%clk 1:03:12]} Kd7
{[%clk 0:46:56]} 24. Rd1 {[%clk 1:02:37]} Rd6 {[%clk 0:46:41]} 25. Kf2
{[%clk 1:02:44]} Re8 {[%clk 0:45:30]} 26. Kf3 {[%clk 1:01:30]} Ree6
{[%clk 0:40:21]} 27. f5 {[%clk 0:59:28]} Rh6 {[%clk 0:39:53]} 28. h3
{[%clk 0:59:49]} Rxd1 {[%clk 0:37:42]} 29. Rxd1+ {[%clk 0:59:47]} Rd6
{[%clk 0:38:05]} 30. Rc1 {[%clk 0:58:32]} Rd3+ {[%clk 0:36:41]} 31. Ke4
{[%clk 0:58:35]} Rxa3 {[%clk 0:36:39]} 0-1

[Event "MSR_ch16"]
[Site "?"]
[Date "2024.04.07"]
[Round "3.9"]
[White "Benci, Jozef"]
[Black "Cizmar, Tomas"]
[Result "1-0"]
[BlackElo "1736"]
[WhiteElo "2040"]
[LiveChessVersion "1.4.8"]

1. Nc3 {[%clk 1:30:54]} d5 {[%clk 1:29:50]} 2. d4 {[%clk 1:31:12]} Nf6
{[%clk 1:29:54]} 3. Bf4 {[%clk 1:31:32]} c6 {[%clk 1:29:10]} 4. e3
{[%clk 1:27:17]} Bf5 {[%clk 1:28:39]} 5. Bd3 {[%clk 1:26:37]} Bg6
{[%clk 1:27:04]} 6. Nf3 {[%clk 1:20:26]} Nbd7 {[%clk 1:19:35]} 7. h3
{[%clk 1:13:42]} e6 {[%clk 1:15:56]} 8. Bxg6 {[%clk 1:07:29]} hxg6
{[%clk 1:15:52]} 9. Qd3 {[%clk 1:07:48]} a6 {[%clk 1:10:24]} 10. e4
{[%clk 1:03:06]} Bb4 {[%clk 1:06:50]} 11. e5 {[%clk 0:58:41]} Ne4
{[%clk 1:06:51]} 12. Bd2 {[%clk 0:53:22]} Nxd2 {[%clk 1:03:54]} 13. Nxd2
{[%clk 0:49:45]} c5 {[%clk 1:02:43]} 14. O-O {[%clk 0:44:06]} cxd4
{[%clk 0:58:47]} 15. Qxd4 {[%clk 0:44:34]} Rh4 {[%clk 0:58:28]} 16. Qd3
{[%clk 0:31:56]} Nxe5 {[%clk 0:56:52]} 17. Qg3 {[%clk 0:29:33]} Bd6
{[%clk 0:52:13]} 18. Nf3 {[%clk 0:20:29]} Nxf3+ {[%clk 0:49:30]} 19. Qxf3
{[%clk 0:20:57]} g5 {[%clk 0:49:10]} 20. Rfe1 {[%clk 0:19:15]} Bb4
{[%clk 0:36:48]} 21. Rad1 {[%clk 0:16:34]} Bxc3 {[%clk 0:30:49]} 22. bxc3
{[%clk 0:15:35]} Rf4 {[%clk 0:29:03]} 23. Qh5 {[%clk 0:12:27]} Kd7
{[%clk 0:25:18]} 24. c4 {[%clk 0:10:27]} Qf6 {[%clk 0:19:58]} 25. cxd5
{[%clk 0:09:43]} e5 {[%clk 0:20:10]} 26. Qe2 {[%clk 0:08:45]} Rc8
{[%clk 0:19:29]} 27. Rb1 {[%clk 0:06:49]} b5 {[%clk 0:19:22]} 28. Qe3
{[%clk 0:04:34]} Rfc4 {[%clk 0:17:35]} 29. Rbd1 {[%clk 0:01:39]} Rxc2
{[%clk 0:15:12]} 30. d6 {[%clk 0:01:56]} R2c5 {[%clk 0:15:23]} 31. Qe4
{[%clk 0:01:31]} R8c6 {[%clk 0:15:26]} 32. Qg4+ {[%clk 0:01:40]} Qe6
{[%clk 0:13:17]} 33. Qxg5 {[%clk 0:01:48]} Rxd6 {[%clk 0:13:17]} 34. Rxd6+
{[%clk 0:01:49]} Qxd6 {[%clk 0:12:41]} 35. Qxg7 {[%clk 0:01:59]} Qe6
{[%clk 0:11:08]} 36. f4 {[%clk 0:01:56]} Qxa2 {[%clk 0:09:11]} 37. fxe5
{[%clk 0:02:02]} Qe6 {[%clk 0:09:18]} 38. Rf1 {[%clk 0:01:44]} Rxe5
{[%clk 0:08:35]} 39. Rxf7+ {[%clk 0:02:00]} Kd6 {[%clk 0:08:39]} 40. Rf6
{[%clk 0:02:00]} 1-0

[Event "MSR_ch16"]
[Site "?"]
[Date "2024.04.07"]
[Round "3.10"]
[White "Polomsky, Tomas"]
[Black "Hozlar, Michal"]
[Result "1-0"]
[BlackElo "1696"]
[WhiteElo "1951"]
[LiveChessVersion "1.4.8"]

1. Nf3 {[%clk 1:30:45]} d5 {[%clk 1:30:18]} 2. d4 {[%clk 1:31:09]} Nf6
{[%clk 1:30:08]} 3. e3 {[%clk 1:31:25]} e6 {[%clk 1:30:04]} 4. Bd3
{[%clk 1:31:49]} c6 {[%clk 1:29:02]} 5. Nbd2 {[%clk 1:30:55]} Nbd7
{[%clk 1:28:21]} 6. O-O {[%clk 1:30:12]} Bd6 {[%clk 1:27:32]} 7. e4
{[%clk 1:27:28]} dxe4 {[%clk 1:26:15]} 8. Nxe4 {[%clk 1:27:47]} Be7
{[%clk 1:23:43]} 9. Qe2 {[%clk 1:26:19]} O-O {[%clk 1:20:09]} 10. Bg5
{[%clk 1:21:46]} c5 {[%clk 1:12:42]} 11. Rad1 {[%clk 1:08:15]} cxd4
{[%clk 1:02:08]} 12. Nxd4 {[%clk 1:06:31]} Qc7 {[%clk 0:58:08]} 13. Nb5
{[%clk 0:55:01]} Qc6 {[%clk 0:47:07]} 14. Nbc3 {[%clk 0:48:22]} a6
{[%clk 0:39:07]} 15. Qf3 {[%clk 0:42:12]} Qc7 {[%clk 0:33:03]} 16. Rfe1
{[%clk 0:35:55]} Re8 {[%clk 0:28:12]} 17. Bf4 {[%clk 0:29:49]} e5
{[%clk 0:25:21]} 18. Bg3 {[%clk 0:28:55]} Nxe4 {[%clk 0:23:10]} 19. Qxe4
{[%clk 0:28:31]} g6 {[%clk 0:21:08]} 20. Bxe5 {[%clk 0:26:49]} Nxe5
{[%clk 0:21:30]} 21. Qxe5 {[%clk 0:27:10]} Qxe5 {[%clk 0:21:37]} 22. Rxe5
{[%clk 0:27:28]} Be6 {[%clk 0:21:28]} 23. Re2 {[%clk 0:24:57]} Rac8
{[%clk 0:20:29]} 24. Be4 {[%clk 0:24:29]} Rc7 {[%clk 0:17:20]} 25. Bd5
{[%clk 0:19:33]} Bg4 {[%clk 0:13:30]} 26. f3 {[%clk 0:18:15]} Bc5+
{[%clk 0:13:04]} 27. Kf1 {[%clk 0:17:58]} Rxe2 {[%clk 0:13:15]} 28. Kxe2
{[%clk 0:16:53]} Bd7 {[%clk 0:12:37]} 29. Ne4 {[%clk 0:15:04]} Be7
{[%clk 0:12:06]} 30. c4 {[%clk 0:13:37]} Kg7 {[%clk 0:10:35]} 31. Rd3
{[%clk 0:11:34]} Ba4 {[%clk 0:09:33]} 32. Nc3 {[%clk 0:10:01]} Bd7
{[%clk 0:08:44]} 33. Ne4 {[%clk 0:07:38]} Ba4 {[%clk 0:09:02]} 34. Nd2
{[%clk 0:07:32]} b6 {[%clk 0:08:11]} 35. Ne4 {[%clk 0:05:39]} a5 {[%clk 0:07:51]}
36. Nc3 {[%clk 0:05:14]} Bc6 {[%clk 0:06:33]} 37. Bxc6 {[%clk 0:04:49]} Rxc6
{[%clk 0:06:55]} 38. Nd5 {[%clk 0:05:08]} Bc5 {[%clk 0:06:31]} 39. Rb3
{[%clk 0:05:17]} Bg1 {[%clk 0:07:01]} 40. Kd3 {[%clk 0:03:50]} f5
{[%clk 0:05:48]} 41. h3 {[%clk 0:04:08]} Kf7 {[%clk 0:05:25]} 42. Rb5
{[%clk 0:01:23]} Ke6 {[%clk 0:04:18]} 43. a4 {[%clk 0:30:07]} Kd7
{[%clk 0:33:35]} 44. b4 {[%clk 0:30:10]} axb4 {[%clk 0:33:41]} 45. Rxb4
{[%clk 0:30:25]} Kd6 {[%clk 0:33:05]} 46. Rb2 {[%clk 0:30:16]} Kd7
{[%clk 0:31:49]} 47. Re2 {[%clk 0:30:22]} Bc5 {[%clk 0:32:04]} 48. g4 fxg4
{[%clk 0:31:56]} 49. fxg4 {[%clk 0:29:24]} Re6 {[%clk 0:31:16]} 50. Rxe6
{[%clk 0:28:36]} Kxe6 {[%clk 0:31:34]} 51. Ke4 {[%clk 0:28:26]} h5
{[%clk 0:29:48]} 52. gxh5 {[%clk 0:27:32]} gxh5 53. Nf4+ {[%clk 0:27:54]} Kf6
{[%clk 0:30:32]} 54. Nxh5+ {[%clk 0:28:21]} Kg5 {[%clk 0:30:52]} 55. Nf4
{[%clk 0:28:19]} Kh4 {[%clk 0:31:06]} 56. Kd5 {[%clk 0:27:22]} Bf2
{[%clk 0:30:34]} 57. Kc6 {[%clk 0:27:39]} Kg3 {[%clk 0:30:28]} 58. Nd5
{[%clk 0:28:04]} 1-0